000 00322 a2200121 4500
001 147104
040 _cEscola São Tomás de Aquino
100 _aMACHADO, Ana Maria
240 1 0 _aO gato do mato e o cachorro do morro
_lpor
245 1 0 _aO gato do mato e o cachorro do morro
697 _a*LITERATURA INFANTO
942 _cBK
999 _c147104
_d147104